| 000 | 00698cam a22002174a 4500 | ||
|---|---|---|---|
| 003 | SISC | ||
| 005 | 20170224110813.0 | ||
| 008 | 080909s ohu 000 0 eng d | ||
| 020 | _a9789814633949 | ||
| 050 | 0 | 0 |
_aHF 5429 _b.D86 2014 |
| 100 | 1 | _aDunne, Patrick M. | |
| 245 | 1 | 0 |
_aRetailing / _cPatrick M. Dunne, Robert F. Lusch, James R. Carver. |
| 250 | _a8th edition, International edition. | ||
| 260 |
_aAndover : _bCengage Learning, _c2014. |
||
| 300 |
_axxxi, 683 pages : _billustrations ; _c26 cm. |
||
| 500 | _aIncludes glossary, bibliographical references and index. | ||
| 650 | 0 | _aRetail trade. | |
| 700 | 1 | _aLusch, Robert F. | |
| 700 | 1 | _aCarver, James R. | |
| 942 |
_2lcc _cBK _kFOR |
||
| 999 |
_c288938 _d288938 |
||